000
00291nam a2200121Ia 4500
005
20251222143301.0
008
251222s9999||||xx |||||||||||||| ||spa||
082
_a
379.85/C95
100
_a
Cueto Fernandini, Carlos
245
0
_a
La Educación como Forma: ¿
264
_b
s.f.
942
_c
LIB
999
_c
15323
_d
15323